ARQUEOLOGIA EN TIERRA SANTA /

TRADUCCION DE: ARCHAEOLOGY IN THE HOLY LAND

Αποθηκεύτηκε σε:
Λεπτομέρειες βιβλιογραφικής εγγραφής
Κύριος συγγραφέας: Kenyon, Kathleen M. (autor)
Μορφή: Βιβλίο
Θέματα:
Ετικέτες: Προσθήκη ετικέτας
Δεν υπάρχουν, Καταχωρήστε ετικέτα πρώτοι!

MARC

LEADER 00000nam^a2200000^a^4500
001 000231054
005 20250521000000.0
009 20260310104504.229
035 |a 050827 
037 |a Acervo Xavier Clavigero 
082 |a 220. 93  |b KEN 
100 |a Kenyon, Kathleen M.  |e (autor) 
245 1 0 |a ARQUEOLOGIA EN TIERRA SANTA /  |c KATHLEEN M. KENYON; GARRIGA EDICIONES 
264 |a BARCELONA :  |b GARRIGA,  |c 1963 
300 |a 333p. 
336 |a texto  |b txt  |2 rdacontenido 
337 |a sin mediación  |b n  |2 rdamedio 
338 |a volumen  |b nc  |2 rdasoporte 
520 |a TRADUCCION DE: ARCHAEOLOGY IN THE HOLY LAND 
520 |a INDICE 
649 |a XX 
650 |a PALESTINA -  |x ANTIGUEDADES 
910 |a Fondo General 
920 |a Impresos - Libros 
930 |a Colección General 
905 |a 101 
901 |a 050827  |b IT1  |c ACC  |i 050827  |u 20250521 
902 |a https://opac.biblio.iteso.mx/vufind/Record/000231054